WOMEN empowerment and education edited by S.K. Panneer Selvam
Պահպանված է:
| Ձևաչափ: | Գիրք |
|---|---|
| Լեզու: | անգլերեն |
| Հրապարակվել է: |
Discovery Publishing House PVT
2013
|
| Ցուցիչներ: |
Ավելացրեք ցուցիչ
Չկան պիտակներ, Եղեք առաջինը, ով նշում է այս գրառումը!
|
MARC
| LEADER | 00000nam a22000007a 4500 | ||
|---|---|---|---|
| 008 | 211117b ||||| |||| 00| 0 eng d | ||
| 020 | |a 9789350563106 | ||
| 245 | |a WOMEN empowerment and education |b edited by S.K. Panneer Selvam |g 117p. | ||
| 250 | |c Selvam Panneer S.K. | ||
| 260 | |b Discovery Publishing House PVT |c 2013 |h New Delhi |i 680338 |i 680339 |l LC 1567 .W83 |m Women - (Higher) | ||
| 500 | |a It includes index | ||
| 942 | |a lcc |c BK |e Adeyeye Y. S. |f 17/11/21 | ||
| 952 | |0 0 |1 0 |2 lcc |4 0 |6 LC1567 W83 |7 0 |9 3884 |a HOL |b HOL |c LP |d 2021-11-17 |l 0 |o LC 1567 .W83 |p 2021-67609 |r 2021-11-17 00:00:00 |w 2021-11-17 |y BK | ||
| 952 | |0 0 |1 0 |2 lcc |4 0 |6 LC1567 W83 |7 0 |9 3885 |a HOL |b ED |d 2021-11-17 |l 0 |o LC 1567 .W83 |p 2021-67610 |r 2021-11-17 00:00:00 |w 2021-11-17 |y BK | ||
| 999 | |c 1936 |d 1936 | ||